000 00517cam a22001337a 4500
008 180718b1979 xxu||||| |||| 00| 0 eng d
082 _aA81x54 In2/71/14/Pt2C/1&Pt5A
100 _aCensus of India 1971
245 _aMysore: social and cultural tables
260 _aNew Delhi
_bThe Controller of Publications
_c1979
300 _a420+p.
440 _aCensus of India 1971. Series-14, Mysore. Part II-C (i) & Part V-A
500 _aContents: Tables C-VII and C-VII (special tables on scheduled castes and scheduled tribes
999 _c485963
_d485963